000 00432nam a2200181Ia 4500
005 20240823043410.0
008 240823s9999||||xx |||||||||||||| ||und||
041 _aENGLISH
082 _A658.848 M8
100 _aVarma M L
245 0 _aForeign Trade Management in INDIA
250 _a1st
260 _c1988
_b"Vikas,New Delhi"
500 _aYES
650 _aManagement
_bManagement Studies
942 _cBK
999 _c210143
_d210143